000
00301nam a22001337a 4500
008
170824b xxu||||| |||| 00| 0 eng d
020
_a
0201162903
041
_a
eng
080
_2
6TH
_a
51
100
_a
38
101
_a
MAT
245
_a
CALCULUS AND ANALYTIC GEOMETRY
_c
THOMAS,G.B
942
_2
udc
_c
BK
999
_c
24779
_d
24779